MARC details
| 000 -LEADER |
| fixed length control field |
03051cam a2200409 a 4500 |
| 005 - DATE AND TIME OF LATEST TRANSACTION |
| control field |
20240211185741.0 |
| 008 - FIXED-LENGTH DATA ELEMENTS--GENERAL INFORMATION |
| fixed length control field |
060315s2006 nyua b 001 0 eng |
| 010 ## - LIBRARY OF CONGRESS CONTROL NUMBER |
| LC control number |
2006008061 |
| 015 ## - NATIONAL BIBLIOGRAPHY NUMBER |
| National bibliography number |
GBA649968 |
| Source |
bnb |
| 016 7# - NATIONAL BIBLIOGRAPHIC AGENCY CONTROL NUMBER |
| Record control number |
013476126 |
| Source |
Uk |
| 020 ## - INTERNATIONAL STANDARD BOOK NUMBER |
| International Standard Book Number |
078902957X (alk. paper) |
| 020 ## - INTERNATIONAL STANDARD BOOK NUMBER |
| International Standard Book Number |
0789029588 (pbk. : alk. paper) |
| 020 ## - INTERNATIONAL STANDARD BOOK NUMBER |
| International Standard Book Number |
9780789029577 (alk. paper) |
| 020 ## - INTERNATIONAL STANDARD BOOK NUMBER |
| International Standard Book Number |
9780789029584 (pbk. : alk. paper) |
| 035 ## - SYSTEM CONTROL NUMBER |
| System control number |
(OCoLC)ocm64896118 |
| 040 ## - CATALOGING SOURCE |
| Original cataloging agency |
DLC |
| Transcribing agency |
DLC |
| Modifying agency |
BAKER |
| -- |
UKM |
| -- |
C#P |
| -- |
YDXCP |
| -- |
OCLCQ |
| -- |
IXA |
| -- |
BTCTA |
| -- |
DLC |
| 043 ## - GEOGRAPHIC AREA CODE |
| Geographic area code |
n-us--- |
| 050 00 - LIBRARY OF CONGRESS CALL NUMBER |
| Classification number |
Z675.U5 |
| Item number |
I598 2006 |
| 050 00 - LIBRARY OF CONGRESS CALL NUMBER |
| Classification number |
Z675.U5 |
| Item number |
I598 2006 |
| 082 00 - DEWEY DECIMAL CLASSIFICATION NUMBER |
| Classification number |
025.52777 |
| Edition number |
22 |
| 092 04 - LOCALLY ASSIGNED DEWEY CALL NUMBER (OCLC) |
| Classification number |
025.52777 |
| Item number |
I61985 |
| Edition number |
21 |
| 099 ## - LOCAL FREE-TEXT CALL NUMBER (OCLC) |
| Classification number |
04 |
| -- |
025.52777 I61985 |
| 245 03 - TITLE STATEMENT |
| Title |
An introduction to reference services in academic libraries / |
| Statement of responsibility, etc. |
Elizabeth Connor, editor. |
| 260 ## - PUBLICATION, DISTRIBUTION, ETC. |
| Place of publication, distribution, etc. |
New York : |
| Name of publisher, distributor, etc. |
Haworth Information Press, |
| Date of publication, distribution, etc. |
c2006. |
| 300 ## - PHYSICAL DESCRIPTION |
| Extent |
xxii, 194 p. : |
| Other physical details |
ill. ; |
| Dimensions |
22 cm. |
| 440 #0 - SERIES STATEMENT/ADDED ENTRY--TITLE |
| Title |
Haworth series in introductory information science textbooks |
| 504 ## - BIBLIOGRAPHY, ETC. NOTE |
| Bibliography, etc. note |
Includes bibliographical references and index. |
| 505 0# - FORMATTED CONTENTS NOTE |
| Formatted contents note |
Development, implementation, and assessment of a virtual information literacy tutorial on an urban campus / Valeda Frances Dent -- Reference triage at the Medical University of Ohio : just-in-case to just-in-time at the Mulford Library / Marlene A. Porter, Jolene M. Miller -- Marketing library services to young male faculty / Mary Mee -- Relational reference : a challenge to the reference fortress / John E. Holberg -- Virtual reference : answering patrons' questions electronically / Christopher Nelson Cox -- What they don't teach you in library school : experience is the real teacher / Tammy S. Guerrero -- Occasional occurrences at Owl Creek University / Debra Cox Rollins, Rusty Gaspard -- Uninvited change : the Governors State University Library's evolving reference and technology desk / Paul Blobaum -- Common queries / Marilyn Schoot-Castle -- Models for measuring and evaluating reference costs / Matthew R. Marsteller, Susan Ware -- Customer survey / Miron Stenche -- The diverse librarian / Paula M. Smith -- Academic librarian as the Rodney Dangerfield of university faculty : "I get no respect" / Tammy S. Guerrero -- The teaching portfolio : explaining what we do so well / Mark L. McCallon -- The glass of fashion : librarianship for the twenty-first century / Susan Swords Steffen, Michael J. Bell -- Frames of reference : considering the meaning of reference--its origins, present, and future / Linda Loos Scarth -- Serving unusual patrons in the library / James Langan -- The academic librarian / Paula M. Smith. |
| 650 #0 - SUBJECT ADDED ENTRY--TOPICAL TERM |
| Topical term or geographic name entry element |
Academic libraries |
| General subdivision |
Reference services. |
| 650 #0 - SUBJECT ADDED ENTRY--TOPICAL TERM |
| Topical term or geographic name entry element |
Academic libraries |
| General subdivision |
Reference services |
| Geographic subdivision |
United States |
| Form subdivision |
Case studies. |
| 650 #0 - SUBJECT ADDED ENTRY--TOPICAL TERM |
| Topical term or geographic name entry element |
Reference services (Libraries) |
| Form subdivision |
Problems, exercises, etc. |
| 700 1# - ADDED ENTRY--PERSONAL NAME |
| Personal name |
Connor, Elizabeth, |
| Titles and other words associated with a name |
MLS. |
| 856 41 - ELECTRONIC LOCATION AND ACCESS |
| Materials specified |
Table of contents |
| Uniform Resource Identifier |
<a href="http://www.loc.gov/catdir/toc/ecip0610/2006008061.html">http://www.loc.gov/catdir/toc/ecip0610/2006008061.html</a> |
| 905 ## - LOCAL DATA ELEMENT E, LDE (RLIN) |
| Cataloger |
Eman |
| Reviser |
Rev. |
| 905 ## - LOCAL DATA ELEMENT E, LDE (RLIN) |
| Cataloger |
Ibrahim |
| Reviser |
Cat. |
| 942 ## - ADDED ENTRY ELEMENTS (KOHA) |
| Source of classification or shelving scheme |
Dewey Decimal Classification |
| Koha item type |
Books |